المعجم الفلسفي : (Record no. 7027)
[ view plain ]
| 000 -الفاتح | |
|---|---|
| حقل البيانات ثابتة الطول | 00933nac a22001691u 4500 |
| 008 - عناصر البيانات ثابتة الطول - معلومات عامة | |
| حقل البيانات ثابتة الطول | 100719t le||||| |||| 00| 0 ara d |
| 082 ## - رقم تصنيف ديوى العشرى | |
| رقم التصنيف | 103 |
| رقم المادة | ص ل ي |
| 100 ## - المدخل الرئيسى - إسم شخصى | |
| الإسم الشخصى | صليبا ، جميل |
| 9 (RLIN) | 16420 |
| 245 ## - بيان العنوان | |
| العنوان | المعجم الفلسفي : |
| بقية العنوان | بالالفاظ العربية والفرنسية والانكليزية واللاتينية / |
| بيان المسئوليه,etc | صليبا جميل |
| 260 ## - PUBLICATION, DISTRIBUTION, ETC. (IMPRINT) | |
| مكان الناشر او الموزع | بيروت : |
| اسم الناشر او الموزع | دار الكتاب اللبنانى،1971 |
| تاريخ النشر أو التوزيع | 1971. |
| 300 ## - الوصف المادى | |
| التعداد | 765 ص؛ |
| أبعاد الوعاء | 24 سم |
| 541 ## - تبصرة المصدر المباشر للتزويد | |
| مصدر التزويد | الف باء ؛ |
| طريقة التزويد | شراء ؛ |
| 650 ## - المدخل الاضافى بالموضوع-مصطلح موضوعى | |
| مصطلح موضوعي أو اسم جغرافي كعنصر مدخل | الفلسفة |
| 9 (RLIN) | 16421 |
| التقسيم الفرعي الشكلي | معاجم |
| 942 ## - عناصر المدخل الإضافي( كوها) | |
| Koha [default] item type | Book - Borrowing |
| سابقة رقم الطلب | 103ص ل ي |
| مصدر التصنيف او مخطط الترفيف | Dewey Decimal Classification |
| حالة التراجع | حالة الفقد | مصدر التصنيف او خطة الترفيف | حالة تلف | ليس للاعارة | مجموعات كوها | المكان الدائم | المكان الحالي | موقع الترفيف | تاريخ الاكتساب | Source of acquisition | رقم الاستدعاء | الباركود | Date last seen | نوع الوعاء | تبصرة عامة | مُعار |
|---|---|---|---|---|---|---|---|---|---|---|---|---|---|---|---|---|
| Dewey Decimal Classification | Alef-Baa | Central Library | Central Library | Lower Floor | 07/12/2011 | 103 ص ل ي | 000008568 | 15/07/2025 | Book - Borrowing | ج1 | ||||||
| Dewey Decimal Classification | Alef-Baa | Central Library | Central Library | Lower Floor | 07/03/2011 | 103 ص ل ي | 000008640 | 15/07/2025 | Book - Borrowing | ج2 | 10/12/2013 |